| 000 | 00000nas 2200000za 4500 |
| 001 | 9.810245 |
| 003 | CaOODSP |
| 005 | 20250106104723 |
| 007 | cr ||||||||||| |
| 008 | 160129c20159999oncar p o f0 |0eng|d |
| 022 | |a2369-923X |
| 040 | |aCaOODSP|beng |
| 043 | |an-cn--- |
| 086 | 1 |aLR1E-PDF |
| 110 | 1 |aCanada.|bCanada Industrial Relations Board. |
| 222 | 0|aAnnual report |b(Canada Industrial Relations Board. Online) |
| 245 | 10|aAnnual report |h[electronic resource] / |cCanada Industrial Relations Board. |
| 260 | |aOttawa : |bCanada Industrial Relations Board, |c[2015]- |
| 310 | |aAnnual |
| 362 | 1 |aBegan with 2014/2015. |
| 500 | |aIssued also in French under title: Rapport annuel. |
| 692 | 07|2gccst|aAnnual reports |
| 775 | 08|tRapport annuel |w(CaOODSP)9.810246 |